La acción de tutela en la educación.
Gespeichert in:
| 1. Verfasser: | |
|---|---|
| Format: | Buch |
| Sprache: | Spanish |
| Veröffentlicht: |
Bogotá (Colombia):
Sociedad Colombiana de Pedagogía,
1999
|
| Schlagworte: | |
| Online Zugang: | Enlace del recurso |
| Tags: |
Tag hinzufügen
Keine Tags, Fügen Sie den ersten Tag hinzu!
|
MARC
| LEADER | 00000nam a22000007a 4500 | ||
|---|---|---|---|
| 003 | OSt | ||
| 005 | 20170915164711.0 | ||
| 008 | 170915b1999 ck ||||| |||| 00| 0 spa d | ||
| 020 | |a 9589668828 | ||
| 040 | |c CNA-IDEP | ||
| 082 | |a 342.86 |b S211 | ||
| 100 | |a Sánchez Moncada, Marlene |9 4683 | ||
| 245 | |a La acción de tutela en la educación. |c Marlene Sánchez Moncada, Carlos Ernesto Noguera R. | ||
| 260 | |a Bogotá (Colombia): |b Sociedad Colombiana de Pedagogía, |c 1999 | ||
| 300 | |a 396 p. | ||
| 650 | |a Acción de tutela |z Colombia |9 4678 | ||
| 650 | |a Tutela |9 4680 | ||
| 650 | |a Educación |9 991 | ||
| 650 | |a Relaciones sociales |9 4681 | ||
| 650 | |a Vida en comunidad |9 4684 | ||
| 942 | |2 ddc |c BK | ||
| 999 | |c 5515 |d 5515 | ||
| 856 | |u https://catalogo.idep.edu.co/cgi-bin/koha/opac-detail.pl?biblionumber=5515 |z Enlace del recurso | ||